00404nam a2200109Ia 4500008004100000100003100041245007600072260004600148300001800194650001300212856006900225160712s9999 xx 000 0 und d aGallego, Maria Kristina S. cMaria Kristina S. GallegoaAng mga Nominal Marker ng Filipino at Ivatan c2015bDaluyan: Journal ng Wikang Filipino avol. 21 no. 1 xFILIPINO uhttp://journals.upd.edu.ph/index.php/djwf/issue/view/525/showToc